| 000 | 01126nab a2200361 4500 | ||
|---|---|---|---|
| 003 | BR-BrBNA | ||
| 005 | 20240520131901.0 | ||
| 008 | 240520b bl.||||| |||| 00| 0 por d | ||
| 040 |
_aBR-BrBNA _bpor |
||
| 072 |
_aH10 ; H01 _b4020 |
||
| 100 | _aBenvenga, Sérgio Roberto | ||
| 100 | _aGravena, Santin | ||
| 100 | _aSilva, José Luiz | ||
| 245 |
_aManejo ecológico das moscas-das-frutas _bManejo de Pragas |
||
| 500 | _a9 illus.; 2 tables | ||
| 650 | _aCITRICULTURA | ||
| 650 | _aMOSCA DAS FRUTAS | ||
| 650 | _aINSETO | ||
| 650 | _aPRAGA DE PLANTA | ||
| 650 | _aFLUTUAÇÃO POPULACIONAL | ||
| 650 | _aCICLO DE VIDA | ||
| 650 | _aBIOLOGIA ANIMAL | ||
| 650 | _aSINTOMA | ||
| 650 | _aPROFILAXIA | ||
| 650 | _aINSPEÇÃO VEGETAL | ||
| 650 | _aARMADILHA | ||
| 650 | _aISCA | ||
| 650 | _aCONTROLE QUÍMICO | ||
| 650 | _aCONTROLE INTEGRADO | ||
| 773 | 0 |
_04769 _9314632 _dBebedouro - SP Grupo Técnico de Assistência e Consultoria em Citrus 2001 _o2024-0884 _tCiência e Pratica (Brazil) _gv. 7(25) p. 10-14; (Apr-Jun 2007) _wBR2024001195 |
|
| 942 | _cAnalítica | ||
| 999 |
_c299677 _d299677 |
||